000 00322nam a2200133Ia 4500
008 220217s9999||||xx |||||||||||||| ||und||
020 _a0-12-440651-3
082 _a621.392 FOO
100 _aFook Lee, Weng
_94780
245 0 _aVHDL
260 _aAcademic press
_bSan Diego
_c2000
300 _b225
650 _aVHDL
999 _c174586
_d174586